000 00283nam a2200097Ia 4500
001 655260
005 20250826154533.0
008 250824s9999 xx 000 0 und d
245 0 _aBEYAZ GECELER UYSAL KIZ ANTİK OKUL KLASİKLERİ
_cDOSTOYEVSKİ
260 _bANTİK DÜNYA KLASİKLERİ
999 _c655260
_d655260